| 000 | 00402nam a22001697a 4500 | ||
|---|---|---|---|
| 999 |
_c5130 _d5128 |
||
| 005 | 20211001170824.0 | ||
| 008 | 160701b xxu||||| |||| 00| 0 eng d | ||
| 020 | _a978-81-775-8243-7 | ||
| 041 | _aeng | ||
| 082 | _b20793 | ||
| 100 |
_aTimoththy pratt and others _96942 |
||
| 245 | _aSatellite communication | ||
| 260 | _bWilly | ||
| 300 | _a512 | ||
| 650 |
_aDiploma Engineering _9817 |
||
| 942 | _cBK | ||